000
00344nam a2200145Ia 4500
005
20250624015635.0
008
240331s9999 xx 000 0 und d
082
_b
DES
_a
335
100
_a
De Silva,N
245
0
_a
Maxswadaye daridrathawaya
260
_a
Mharagama
_b
Think cluster
_c
1993
300
_a
56 p .,
650
_a
Socialism
942
_c
L
999
_c
5270
_d
5270